Loading...
Literature - American Literature | 1 | 2 | 0 | 0 | 35 | 97 | 112.67 | 0 | 1 |
Literature - World Literature | 0 | 2 | 0 | 2 | 20 | 143 | 144.00 | 0 | 0 |
Fine Arts - Visual Fine Arts | 0 | 1 | 0 | 1 | 10 | 133 | 133.00 | 0 | 0 |
Literature - British Literature | 0 | 1 | 0 | 0 | 10 | 132 | 132.00 | 0 | 0 |
Literature - European Literature | 0 | 1 | 0 | 0 | 10 | 159 | 159.00 | 0 | 0 |
Modern World | 0 | 1 | 0 | 0 | 10 | 100 | 100.00 | 0 | 0 |
Philosophy | 0 | 1 | 0 | 0 | 10 | 123 | 123.00 | 0 | 1 |
Science - Biology | 0 | 1 | 0 | 0 | 10 | 128 | 128.00 | 0 | 0 |
Fine Arts - Classical Music and Opera | 0 | 1 | 0 | 1 | 10 | 171 | 171.00 | 0 | 0 |
Social Science | 0 | 1 | 0 | 0 | 10 | 153 | 153.00 | 0 | 0 |
Fine Arts - Other Fine Arts | 0 | 1 | 0 | 0 | 10 | 169 | 169.00 | 0 | 0 |